<?xml version="1.0" encoding="UTF-8"?>
<record
    xmlns:xsi="http://www.w3.org/2001/XMLSchema-instance"
    xsi:schemaLocation="http://www.loc.gov/MARC21/slim http://www.loc.gov/standards/marcxml/schema/MARC21slim.xsd"
    xmlns="http://www.loc.gov/MARC21/slim">

  <leader>00932nam a2200265 i 4500</leader>
  <controlfield tag="001">C00038653c</controlfield>
  <controlfield tag="005">20241029145115.0</controlfield>
  <controlfield tag="008">000221s1998    sp a          001 0 spa d</controlfield>
  <datafield tag="020" ind1=" " ind2=" ">
    <subfield code="a">84-482-1850-7</subfield>
  </datafield>
  <datafield tag="080" ind1=" " ind2=" ">
    <subfield code="a">737.1(460.315 Vinalop&#xF3;):338(460.315)</subfield>
  </datafield>
  <datafield tag="100" ind1="1" ind2=" ">
    <subfield code="a">Alberola, Antonio.</subfield>
    <subfield code="9">25500</subfield>
  </datafield>
  <datafield tag="245" ind1="1" ind2="0">
    <subfield code="a">Moneda antigua y vida econ&#xF3;mica en las comarcas del Vinalop&#xF3; / </subfield>
    <subfield code="c">Antonio Alberola, Juan Manuel Abascal.</subfield>
  </datafield>
  <datafield tag="260" ind1=" " ind2=" ">
    <subfield code="a">Valencia : </subfield>
    <subfield code="b">Generalitat, </subfield>
    <subfield code="c">D.L. 1998.</subfield>
  </datafield>
  <datafield tag="300" ind1=" " ind2=" ">
    <subfield code="a">272 p., XIII p. de l&#xE1;m. : </subfield>
    <subfield code="b">il. ; </subfield>
    <subfield code="c">23 cm.</subfield>
  </datafield>
  <datafield tag="490" ind1="0" ind2=" ">
    <subfield code="a">Estudis Numism&#xE0;tics Valencians ; </subfield>
    <subfield code="v">9</subfield>
  </datafield>
  <datafield tag="500" ind1=" " ind2=" ">
    <subfield code="a">Indices.</subfield>
  </datafield>
  <datafield tag="500" ind1=" " ind2=" ">
    <subfield code="a">Bibliograf&#xED;a.</subfield>
  </datafield>
  <datafield tag="650" ind1=" " ind2=" ">
    <subfield code="a">Monedas espa&#xF1;olas-</subfield>
    <subfield code="z">Espa&#xF1;a-</subfield>
    <subfield code="z">Albacete.</subfield>
    <subfield code="9">91117</subfield>
  </datafield>
  <datafield tag="651" ind1=" " ind2="4">
    <subfield code="a">Vinalop&#xF3; (Alicante, Espa&#xF1;a)</subfield>
    <subfield code="9">25501</subfield>
  </datafield>
  <datafield tag="700" ind1="1" ind2=" ">
    <subfield code="a">Abascal, Juan Manuel.</subfield>
    <subfield code="9">25502</subfield>
  </datafield>
  <datafield tag="710" ind1="1" ind2=" ">
    <subfield code="a">Valencia (Comunidad Aut&#xF3;noma). </subfield>
    <subfield code="b">Generalitat.</subfield>
    <subfield code="9">11750</subfield>
  </datafield>
  <datafield tag="852" ind1="4" ind2="2">
    <subfield code="j">E-5206</subfield>
  </datafield>
  <datafield tag="952" ind1=" " ind2=" ">
    <subfield code="0">0</subfield>
    <subfield code="1">0</subfield>
    <subfield code="4">0</subfield>
    <subfield code="7">0</subfield>
    <subfield code="8">NOR</subfield>
    <subfield code="a">RABASF</subfield>
    <subfield code="b">RABASF</subfield>
    <subfield code="c">DP1</subfield>
    <subfield code="d">2000-02-21</subfield>
    <subfield code="e">C</subfield>
    <subfield code="l">0</subfield>
    <subfield code="o">E-5206</subfield>
    <subfield code="p">1040903</subfield>
    <subfield code="r">2024-10-15 09:31:19</subfield>
    <subfield code="w">2024-10-15</subfield>
    <subfield code="y">FONDOMODER</subfield>
  </datafield>
  <datafield tag="999" ind1=" " ind2=" ">
    <subfield code="c">37777</subfield>
    <subfield code="d">37777</subfield>
  </datafield>
</record>
